000 01163cam a2200289 4500
001 ABS65291
008 020404n2002 000 0 eng u
035 _a(Sirsi) u117364
100 _aCastorina, G.
245 _aCreate an early diversion
260 _c2002
490 _aEstates Gazette
_v(0211) 16 March 2002, 148-149(2)
520 _aExplains that highways issues can have a serious effect upon a development and advises that it is better to address them early on. Developers often leave it late to consider whether a highway needs to be diverted or stopped up. It isimportant to carefully determine which of the statutory powers should be used to obtain such an order. Discusses the Town and Country Planning Act 1990 and the Highways Act 1980.
590 _aABS
650 _aHIGHWAYS
650 _aDEVELOPERS
650 _aDIVERSIONS
650 _aSTOPPING UP
650 _aTOWN AND COUNTRY PLANNING ACT 1990
650 _aHIGHWAYS ACT 1980
650 _aTEMPORARY ORDERS
650 _aTRAFFIC REGULATION ACT 1984
650 _aPLANNING PERMISSION
650 _aROAD WORKS
690 _aTRANSPORT AND COMMUNICATIONS
942 _n0
999 _c69921
_d69921